Teorie obvodů

Main Author: Bauer, Miroslav, 1921-1984
Language: Czech
Published: Brno, 1983
Book
Saved in:
LEADER 00587nam a22001812a 4500
001 000210222
003 CZ BrMZK
005 19961101143423.0
007 ta
008 950101s1983 xr f cze d
040 |a BOA001  |b cze 
100 1 |a Bauer, Miroslav,  |d 1921-1984  |7 jz8000040 
245 1 0 |a Teorie obvodů 
260 |a Brno,  |c 1983 
910 |a BOA001  |b 4-0803.022-83 
990 |a BK 
996 6 |b 2619839751  |c 4-0803.022-83  |l MZK  |r Sklad / do 1 hodiny  |n 0  |w 000210222  |u 000020  |a 1  |e BOA001  |j MZK50  |s P 
996 7 |b 2619923513  |c 4-0803.022-83  |l MZK  |r Sklad / do 1 hodiny  |n 5  |w 000210222  |u 000010  |a 1  |e BOA001  |j MZK50  |s A